Top 10 Most Viewed GD YouTubers - Statistics

General Stats
  • This quiz has been taken 7 times
  • The average score is 2 of 10
Answer Stats
Hint Answer % Correct
2.3 Billion GuitarHeroStyles
60%
1.3 Billion KaiGuy
40%
1.6 Billion Nexus GD
40%
1 Billion Stivenelvro
20%
2.8 Billion Chief Brioso
0%
734 Million Glowst
0%
1.7 Billion ItzBran
0%
1 Billion Lemoncak3
0%
1.4 Billion Partition Sion
0%
3.3 Billion Speedroute
0%
No matching quizzes found
Score Distribution
Percent of People with Each Score
Percentile by Number Answered
Your Score History
You have not taken this quiz